<?xml version="1.0" encoding="UTF-8"?><?xml-stylesheet type="text/xsl" href="static/style.xsl"?><OAI-PMH xmlns="http://www.openarchives.org/OAI/2.0/" xmlns:xsi="http://www.w3.org/2001/XMLSchema-instance" xsi:schemaLocation="http://www.openarchives.org/OAI/2.0/ http://www.openarchives.org/OAI/2.0/OAI-PMH.xsd"><responseDate>2026-04-17T06:03:00Z</responseDate><request verb="GetRecord" identifier="oai:www.recercat.cat:10256/26601" metadataPrefix="marc">https://recercat.cat/oai/request</request><GetRecord><record><header><identifier>oai:recercat.cat:10256/26601</identifier><datestamp>2025-03-20T19:53:36Z</datestamp><setSpec>com_2072_452955</setSpec><setSpec>com_2072_2054</setSpec><setSpec>col_2072_452959</setSpec></header><metadata><record xmlns="http://www.loc.gov/MARC21/slim" xmlns:dcterms="http://purl.org/dc/terms/" xmlns:xsi="http://www.w3.org/2001/XMLSchema-instance" xmlns:doc="http://www.lyncode.com/xoai" xsi:schemaLocation="http://www.loc.gov/MARC21/slim http://www.loc.gov/standards/marcxml/schema/MARC21slim.xsd">
   <leader>00925njm 22002777a 4500</leader>
   <datafield ind2=" " ind1=" " tag="042">
      <subfield code="a">dc</subfield>
   </datafield>
   <datafield ind2=" " ind1=" " tag="720">
      <subfield code="a">Sabater, Sergi</subfield>
      <subfield code="e">author</subfield>
   </datafield>
   <datafield ind2=" " ind1=" " tag="260">
      <subfield code="c">2023</subfield>
   </datafield>
   <datafield ind2=" " ind1=" " tag="520">
      <subfield code="a">Rivers are submitted to deep and irreversible changes concerning their physical integrity (habitat simplification and loss)&#xd;
and water quantity (forcing of the global water cycle). The horizontal and hierarchical structure of river networks facilitates&#xd;
that impacts caused at the local scale may become relevant at higher scales, and therefore we face impacts which trespass the&#xd;
background of river ecologists. While we have progressed by incorporating many aspects of physical, chemical, and biological&#xd;
components of river ecosystems, the new challenges ahead imposed by global change complicate achieving operational predictions. I propose enhancing our connection to other experts, such as chemists, engineers, or land planners, to expand our current&#xd;
paradigms. I see that enforcing multidisciplinary collaboration is deemed essential to disentangle challenges that humankind&#xd;
has regarding river ecosystems. I assume that this will return as a progress and improvement of common scientific knowledge&#xd;
and applicability, stronger and more valuable for the sake of the conservation of our rivers</subfield>
   </datafield>
   <datafield ind2=" " ind1=" " tag="520">
      <subfield code="a">Los ríos están sometidos a cambios profundos e irreversibles en cuanto a su integridad física (simplificación y pérdida de hábitat) y cantidad de agua (forzamiento del ciclo global del agua). La estructura horizontal y jerárquica de las redes fluviales&#xd;
facilita que los impactos producidos a escala local puedan ser relevantes a escalas superiores, por lo que nos enfrentamos a&#xd;
impactos que traspasan el bagaje de la ecología fluvial. Si bien hemos incorporado muchos componentes físicos, químicos y&#xd;
biológicos de los ecosistemas fluviales en ecología fluvial, los nuevos desafíos impuestos por el cambio global complican las&#xd;
predicciones operativas. Propongo mejorar nuestra conexión con otros expertos, tales como químicos, ingenieros o urbanistas,&#xd;
para expandir nuestros paradigmas actuales. Veo esencial promover estas colaboraciones multidisciplinares para desentrañar efectivamente los desafíos que la humanidad afrenta y que conciernen a los ecosistemas fluviales. Esto podrá facilitar el&#xd;
avance y perfeccionamiento del conocimiento científico común y de su aplicabilidad, redundante en la mejor conservación de&#xd;
nuestros ríos</subfield>
   </datafield>
   <datafield ind1="8" ind2=" " tag="024">
      <subfield code="a">http://hdl.handle.net/10256/26601</subfield>
   </datafield>
   <datafield tag="653" ind2=" " ind1=" ">
      <subfield code="a">Ecologia fluvial</subfield>
   </datafield>
   <datafield tag="653" ind2=" " ind1=" ">
      <subfield code="a">Stream ecology</subfield>
   </datafield>
   <datafield ind2="0" ind1="0" tag="245">
      <subfield code="a">Doing Science in Ecology. Does river flow show a path?</subfield>
   </datafield>
</record></metadata></record></GetRecord></OAI-PMH>